L'Industrie francaise de la machine-outil : Perspectives d'évolution: Rapport des six groupes de travail spécialisés et de la commission administrative constitués au Ministère de l'industrie et de la recherche
Sparad:
| Materialtyp: | Bok |
|---|---|
| Språk: | Undetermined |
| Publicerad: |
Paris
Documentation francaise
1976
|
| Ämnen: | |
| Taggar: |
Lägg till en tagg
Inga taggar, Lägg till första taggen!
|
| Thư viện lưu trữ: | Trung tâm Học liệu Trường Đại học Cần Thơ |
|---|
| LEADER | 00646nam a2200181Ia 4500 | ||
|---|---|---|---|
| 001 | CTU_96454 | ||
| 008 | 210402s9999 xx 000 0 und d | ||
| 082 | |a 338.47 | ||
| 082 | |b I.42 | ||
| 245 | 0 | |a L'Industrie francaise de la machine-outil : | |
| 245 | 0 | |b Perspectives d'évolution: Rapport des six groupes de travail spécialisés et de la commission administrative constitués au Ministère de l'industrie et de la recherche | |
| 260 | |a Paris | ||
| 260 | |b Documentation francaise | ||
| 260 | |c 1976 | ||
| 650 | |a Machine-tool industry | ||
| 650 | |z France | ||
| 904 | |i Năm | ||
| 980 | |a Trung tâm Học liệu Trường Đại học Cần Thơ | ||